[Event "Steinfurt Bezirksliga 1213"]
[Site "Germany"]
[Date "2013.04.13"]
[Round "8.6"]
[White "Horstmann, Michael"]
[Black "Hooft, Rudolf"]
[Result "1-0"]
[WhiteElo "1671"]
[BlackElo "1388"]
[PlyCount "77"]
[EventDate "2012.09.22"]
[EventType "team-tourn"]
[EventRounds "9"]
[EventCountry "GER"]
[SourceTitle "EXT 2015"]
[Source "ChessBase"]
[SourceDate "2014.11.20"]
[SourceVersion "1"]
[SourceVersionDate "2014.11.20"]
[SourceQuality "1"]
[WhiteTeam "Emsdetten Rochade II"]
[BlackTeam "Rheine SG"]
[WhiteTeamCountry "GER"]
[BlackTeamCountry "GER"]

1. e4 d6 2. Nf3 e5 3. d4 Nc6 4. dxe5 dxe5 5. Qxd8+ Nxd8 6. Nxe5 Bd6 7. Nc4 Be7 8. Be3 Nf6 9. f3 Nc6 10. a3 a6 11. Nc3 Be6 12. Be2 h6 13. 0-0 0-0 14. Rfd1 Rfd8 15. Bf2 Rac8 16. Rxd8+ Rxd8 17. Rd1 b5 18. Rxd8+ Bxd8 19. Nd2 Nh5 20. g3 Nf6 21. Be3 Be7 22. Nd1 Ne5 23. Nf2 Ned7 24. Nd3 Ne8 25. Nf4 Ba2 26. c4 b4 27. Nd5 Bf6 28. Nxb4 Bxb2 29. Nxa2 Bxa3 30. Nb3 Nd6 31. Nc3 Nb7 32. c5 Nbxc5 33. Nxc5 Nxc5 34. Nd5 c6 35. Ne7+ Kf8 36. Nxc6 Ke8 37. Kf1 Kd7 38. Bxc5 Bxc5 39. Nb8+ 1-0

[Event "Steinfurt Bezirksliga 1112"]
[Site "Germany"]
[Date "2012.05.05"]
[Round "8.7"]
[White "Ulunque Villazon, Stephen"]
[Black "Hooft, Rudolf"]
[Result "0-1"]
[WhiteElo "1553"]
[BlackElo "1328"]
[PlyCount "42"]
[EventDate "2011.10.01"]
[EventType "team-tourn"]
[EventRounds "9"]
[EventCountry "GER"]
[SourceTitle "EXT 2013"]
[Source "ChessBase"]
[SourceDate "2012.11.22"]
[SourceVersion "1"]
[SourceVersionDate "2012.11.22"]
[SourceQuality "1"]
[WhiteTeam "Saerbeck II"]
[BlackTeam "Rheine SG"]
[WhiteTeamCountry "GER"]
[BlackTeamCountry "GER"]

1. e4 c6 2. d4 d5 3. exd5 cxd5 4. Nf3 Qa5+ 5. Nc3 Bd7 6. Bd2 e6 7. Ne5 a6 8. Be2 Qb6 9. Nf3 Nc6 10. Bc1 Bd6 11. 0-0 h6 12. b3 Nf6 13. Bb2 0-0 14. Rc1 Ne7 15. Bd3 Rfc8 16. Ne2 Bb5 17. Ng3 Bf4 18. Qe2 Bxd3 19. Qxd3 Bxc1 20. Rxc1 Nc6 21. Nd2 Nb4 0-1

[Event "Steinfurt Bezirksliga 1112"]
[Site "Germany"]
[Date "2012.03.31"]
[Round "7.7"]
[White "Kaisel, Rene"]
[Black "Hooft, Rudolf"]
[Result "1-0"]
[WhiteElo "1377"]
[BlackElo "1328"]
[PlyCount "70"]
[EventDate "2011.10.01"]
[EventType "team-tourn"]
[EventRounds "9"]
[EventCountry "GER"]
[SourceTitle "EXT 2013"]
[Source "ChessBase"]
[SourceDate "2012.11.22"]
[SourceVersion "1"]
[SourceVersionDate "2012.11.22"]
[SourceQuality "1"]
[WhiteTeam "Neuenkirchen II"]
[BlackTeam "Rheine SG"]
[WhiteTeamCountry "GER"]
[BlackTeamCountry "GER"]

1. e4 c6 2. d4 d5 3. e5 Qa5+ 4. c3 e6 5. Nf3 c5 6. Bd2 Qb6 7. Qc2 Ne7 8. Be2 Nbc6 9. dxc5 Qc7 10. 0-0 Nxe5 11. Nxe5 Qxe5 12. Bb5+ Nc6 13. Be3 Bd7 14. Nd2 Qc7 15. Nf3 h6 16. h3 Rc8 17. a3 Be7 18. Rfc1 a6 19. Be2 Bf6 20. Rd1 0-0 21. Qc1 Na5 22. Qc2 Nc6 23. b4 Ne7 24. Bc1 Rfe8 25. Bb2 e5 26. Bf1 Bf5 27. Qe2 e4 28. Nd4 Bd7 29. Nc2 Bb5 30. Qe1 Bc6 31. Nd4 Bd7 32. Bc1 Nc6 33. Be3 Ne7 34. Nc2 Ba4 35. Rdc1 Rcd8 1-0

[Event "Steinfurt Bezirksliga 1112"]
[Site "Germany"]
[Date "2012.02.04"]
[Round "5.7"]
[White "Dehler, Markus"]
[Black "Hooft, Rudolf"]
[Result "1-0"]
[WhiteElo "1577"]
[BlackElo "1328"]
[PlyCount "55"]
[EventDate "2011.10.01"]
[EventType "team-tourn"]
[EventRounds "9"]
[EventCountry "GER"]
[SourceTitle "EXT 2013"]
[Source "ChessBase"]
[SourceDate "2012.11.22"]
[SourceVersion "1"]
[SourceVersionDate "2012.11.22"]
[SourceQuality "1"]
[WhiteTeam "Steinfurt II"]
[BlackTeam "Rheine SG"]
[WhiteTeamCountry "GER"]
[BlackTeamCountry "GER"]

1. e4 e5 2. Nf3 Nf6 3. d4 exd4 4. e5 Ng8 5. Nxd4 d6 6. Nf3 h6 7. Bc4 Qe7 8. 0-0 Be6 9. exd6 cxd6 10. Re1 Qd7 11. Nd4 d5 12. Nxe6 fxe6 13. Bxd5 Be7 14. Qh5+ Kd8 15. Bxe6 Qc7 16. Rd1+ Bd6 17. Bf4 Nf6 18. Qf3 Ne8 19. Nc3 a6 20. Bxd6 Nxd6 21. Rxd6+ Qxd6 22. Rd1 Qxd1+ 23. Qxd1+ Ke7 24. Qe2 Re8 25. Nd5+ Kd8 26. Qe5 Re7 27. Qd6+ Rd7 28. Qf8# 1-0

[Event "Steinfurt Bezirksliga 1011"]
[Site "Germany"]
[Date "2011.03.26"]
[Round "7.5"]
[White "Hooft, Rudolf"]
[Black "Boeckmann, Dirk"]
[Result "1/2-1/2"]
[WhiteElo "1337"]
[BlackElo "1592"]
[PlyCount "96"]
[EventDate "2010.10.02"]
[EventType "team-tourn"]
[EventRounds "9"]
[EventCountry "GER"]
[SourceTitle "EXT 2012"]
[Source "ChessBase"]
[SourceDate "2011.11.24"]
[SourceVersion "1"]
[SourceVersionDate "2011.11.24"]
[SourceQuality "1"]
[WhiteTeam "Rheine SG"]
[BlackTeam "Reckenfeld"]
[WhiteTeamCountry "GER"]
[BlackTeamCountry "GER"]

1. e4 c6 2. d4 d5 3. e5 Bf5 4. Nd2 e6 5. c3 Nd7 6. h3 h6 7. Ngf3 c5 8. Nb3 a6 9. Be3 c4 10. Nbd2 Ne7 11. Be2 Nc6 12. a3 Rc8 13. Bf4 Qb6 14. Qc1 Na5 15. Bd1 Be7 16. 0-0 g5 17. Bh2 h5 18. Ne1 Qd8 19. Nc2 Nf8 20. Ne3 Bg6 21. Bc2 Rg8 22. Qd1 Kd7 23. Bxg6 fxg6 24. f4 Nh7 25. Qa4+ b5 26. Qc2 Rg7 27. b3 cxb3 28. Nxb3 Nxb3 29. Qxb3 Qa5 30. Rfc1 gxf4 31. Bxf4 g5 32. Bg3 g4 33. hxg4 hxg4 34. a4 Bg5 35. Kf2 Bxe3+ 36. Kxe3 Ng5 37. axb5 Qxb5 38. Qxb5+ axb5 39. Ra7+ Rc7 40. Rxc7+ Kxc7 41. Kf4 Ne4 42. Be1 Kb6 43. Rb1 g3 44. Rb2 Rf7+ 45. Ke3 Rf1 46. Re2 Kc6 47. Kd3 Rg1 48. Ke3 Rf1 1/2-1/2

[Event "Steinfurt Bezirksklasse 0910"]
[Site "Germany"]
[Date "2010.03.06"]
[Round "5.4"]
[White "Berken, Andre"]
[Black "Hooft, Rudolf"]
[Result "1-0"]
[WhiteElo "1325"]
[BlackElo "1364"]
[PlyCount "59"]
[EventDate "2009.09.26"]
[EventType "team-tourn"]
[EventRounds "7"]
[EventCountry "GER"]
[SourceTitle "EXT 2011"]
[Source "ChessBase"]
[SourceDate "2010.11.26"]
[SourceVersion "1"]
[SourceVersionDate "2010.11.26"]
[SourceQuality "1"]
[WhiteTeam "Nordwalde II"]
[BlackTeam "Rheine"]
[WhiteTeamCountry "GER"]
[BlackTeamCountry "GER"]

1. d4 d5 2. c4 e6 3. Nc3 Nf6 4. Bg5 Nbd7 5. cxd5 exd5 6. Nxd5 Nxd5 7. Nf3 Bb4+ 8. Bd2 Be7 9. e3 N7f6 10. Bc4 0-0 11. 0-0 Nb6 12. Qb3 Ne4 13. Ba5 Nxc4 14. Qxc4 b6 15. Bc3 Bb7 16. Ne5 Qd6 17. f3 Nf6 18. e4 Rac8 19. a3 Nd7 20. Ng4 Kh8 21. Rad1 f5 22. exf5 Rxf5 23. Bb4 c5 24. dxc5 Qc6 25. Bc3 Rcf8 26. Nh6 Bxc5+ 27. Kh1 Rxf3 28. Rxf3 Rd8 29. Qg8+ Rxg8 30. Nf7# 1-0

[Event "Steinfurt Bezirksklasse 0910"]
[Site "Germany"]
[Date "2009.11.28"]
[Round "2.6"]
[White "Hooft, Rudolf"]
[Black "Maske, Kristina"]
[Result "1/2-1/2"]
[WhiteElo "1364"]
[BlackElo "1043"]
[PlyCount "32"]
[EventDate "2009.09.26"]
[EventType "team-tourn"]
[EventRounds "7"]
[EventCountry "GER"]
[SourceTitle "EXT 2011"]
[Source "ChessBase"]
[SourceDate "2010.11.26"]
[SourceVersion "1"]
[SourceVersionDate "2010.11.26"]
[SourceQuality "1"]
[WhiteTeam "Rheine"]
[BlackTeam "Westerkappeln II"]
[WhiteTeamCountry "GER"]
[BlackTeamCountry "GER"]

1. e4 c5 2. Nf3 Nc6 3. Bc4 e6 4. Nc3 g6 5. d4 cxd4 6. Nxd4 Bg7 7. Nf3 Nge7 8. 0-0 0-0 9. Bg5 d6 10. Qd2 Ne5 11. Nxe5 Bxe5 12. Rab1 b6 13. Be2 Bb7 14. Bf4 Nc6 15. Bh6 Bg7 16. Bg5 Bf6 1/2-1/2

[Event "Steinfurt Bezirksklasse 0910"]
[Site "Germany"]
[Date "2009.09.26"]
[Round "1.4"]
[White "Hooft, Rudolf"]
[Black "Roos, Philipp"]
[Result "1-0"]
[WhiteElo "1364"]
[BlackElo "1326"]
[PlyCount "85"]
[EventDate "2009.09.26"]
[EventType "team-tourn"]
[EventRounds "7"]
[EventCountry "GER"]
[SourceTitle "EXT 2011"]
[Source "ChessBase"]
[SourceDate "2010.11.26"]
[SourceVersion "1"]
[SourceVersionDate "2010.11.26"]
[SourceQuality "1"]
[WhiteTeam "Rheine"]
[BlackTeam "Saerbeck III"]
[WhiteTeamCountry "GER"]
[BlackTeamCountry "GER"]

1. e4 e5 2. Nf3 Nc6 3. Bc4 Bc5 4. Nc3 Nf6 5. a3 0-0 6. d3 a6 7. Bg5 h6 8. Bh4 b5 9. Bd5 Bb7 10. Nxe5 Nxe5 11. Bxb7 Rb8 12. Bd5 c6 13. Bb3 Bd4 14. 0-0 g5 15. Bg3 d6 16. Rb1 h5 17. h4 Nfg4 18. Ne2 gxh4 19. Nxd4 hxg3 20. Nf5 Qg5 21. fxg3 Kh7 22. Qe1 Rbd8 23. Rd1 Rd7 24. d4 Nc4 25. Bxc4 bxc4 26. Rf3 f6 27. Qb4 c5 28. dxc5 Ne5 29. Rff1 Rff7 30. cxd6 Rb7 31. Qc3 Rfd7 32. Rf2 Ng4 33. Rff1 Rb6 34. Qxc4 Rxb2 35. Qxa6 Rxc2 36. Qa4 Rxg2+ 37. Kxg2 Ne3+ 38. Nxe3 Qxe3 39. Qxd7+ Kg6 40. Qf5+ Kg7 41. Qxf6+ Kg8 42. Qe6+ Kh8 43. Rf8+ 1-0

[Event "Steinfurt Bezirksklasse 0809"]
[Site "Germany"]
[Date "2009.03.07"]
[Round "5.4"]
[White "Kettner, Hubert"]
[Black "Hooft, Rudolf"]
[Result "1-0"]
[WhiteElo "1281"]
[BlackElo "1397"]
[PlyCount "65"]
[EventDate "2008.09.13"]
[EventType "team-tourn"]
[EventRounds "7"]
[EventCountry "GER"]
[SourceTitle "EXT 2010"]
[Source "ChessBase"]
[SourceDate "2010.11.25"]
[SourceVersion "1"]
[SourceVersionDate "2010.11.25"]
[SourceQuality "1"]
[WhiteTeam "Reckenfeld II"]
[BlackTeam "Rheine SG"]
[WhiteTeamCountry "GER"]
[BlackTeamCountry "GER"]

1. d4 d5 2. c4 e6 3. Nf3 h6 4. Bf4 Nf6 5. e3 Nh5 6. Be2 Nxf4 7. exf4 Bd6 8. Ne5 0-0 9. c5 Be7 10. Nc3 c6 11. Bd3 Bd7 12. h4 f5 13. Ng6 Rf6 14. Qh5 Bxc5 15. dxc5 Be8 16. 0-0-0 Bxg6 17. Qe2 Qc7 18. g3 Nd7 19. Rhe1 Nxc5 20. Bc2 b5 21. h5 Bh7 22. Qe3 Nd7 23. Ne2 a5 24. Qd3 Nc5 25. Qd4 Ne4 26. f3 Nd6 27. Qd3 c5 28. Nc3 c4 29. Qd4 b4 30. Nxd5 exd5 31. Qxd5+ Kh8 32. Qxa8+ Rf8 33. Qxf8+ 1-0

[Event "Steinfurt Bezirksliga 0708"]
[Site "Germany"]
[Date "2007.12.01"]
[Round "4.5"]
[White "Niedenzu, Gerhard"]
[Black "Hooft, Rudolf"]
[Result "1-0"]
[WhiteElo "1502"]
[BlackElo "1402"]
[PlyCount "115"]
[EventDate "2007.09.22"]
[EventType "team-tourn"]
[EventRounds "9"]
[EventCountry "GER"]
[SourceTitle "EXT 2009"]
[Source "ChessBase"]
[SourceDate "2008.11.26"]
[SourceVersion "1"]
[SourceVersionDate "2008.11.26"]
[SourceQuality "1"]
[WhiteTeam "Ibbenbueren II"]
[BlackTeam "Rheine SG"]
[WhiteTeamCountry "GER"]
[BlackTeamCountry "GER"]

1. e4 e5 2. Nf3 Nf6 3. Nc3 Nc6 4. Bc4 Na5 5. Nxe5 Nxc4 6. Nxc4 d5 7. exd5 Nxd5 8. Nxd5 Qxd5 9. Ne3 Qd8 10. d4 b6 11. c3 Be7 12. Bd2 0-0 13. 0-0 Bb7 14. Qg4 Bf6 15. Rfe1 c5 16. Nc2 Rc8 17. Be3 cxd4 18. Bxd4 Rc4 19. Rad1 Bxd4 20. Rxd4 Rxd4 21. Qxd4 Qg5 22. g3 Qf5 23. Qd1 Qh3 24. f3 h5 25. Qe2 Qf5 26. Nd4 Qg6 27. Qf2 Qf6 28. Re3 Rd8 29. h3 Qg6 30. Kh2 Bc8 31. Re7 Bd7 32. Re4 Qd6 33. f4 Qd5 34. Re5 Qxa2 35. Rxh5 Qb1 36. Re5 Qg6 37. Qe2 Qh7 38. Rh5 Qg6 39. Re5 Qh7 40. g4 f6 41. Re7 Qh4 42. f5 Qg5 43. Kg3 Qc1 44. Qf2 a5 45. Re1 Qh6 46. Qf4 g5 47. Qe3 Re8 48. Ne6 Bxe6 49. fxe6 b5 50. Kg2 Qf8 51. Qb6 b4 52. Qxa5 bxc3 53. Qxc3 Kg7 54. b4 Qd6 55. b5 Qd5+ 56. Kg1 Qxb5 57. Qc7+ Kf8 58. Qf7# 1-0